000 00240nam a22000977a 4500
999 _c11440
_d11440
008 190524b ||||| |||| 00| 0 eng d
020 _a9789380058276
100 _aMind Fuels
_97167
245 _aBraver Til TII
260 _aNew Delhi
_bMind Fuels